Schooling and rural transformation / (Record no. 127901)

MARC details
000 -LEADER
fixed length control field 00756nam a22002417a 4500
005 - DATE AND TIME OF LATEST TRANSACTION
control field 20170124110032.0
010 ## - LIBRARY OF CONGRESS CONTROL NUMBER
LC control number A-423319
020 ## - INTERNATIONAL STANDARD BOOK NUMBER
Terms of availability 00.00
035 ## - SYSTEM CONTROL NUMBER
System control number A-423319
037 ## - SOURCE OF ACQUISITION
Source of stock number/acquisition Cen Lib/Ret
040 ## - CATALOGING SOURCE
Original cataloging agency DPL
Language of cataloging EN
082 ## - DEWEY DECIMAL CLASSIFICATION NUMBER
Classification number 370.19346
Item number MOO
100 ## - MAIN ENTRY--PERSONAL NAME
Personal name Moonis Raza
9 (RLIN) 10348
245 ## - TITLE STATEMENT
Title Schooling and rural transformation /
Statement of responsibility, etc by Moonis Raza [and] H Ramachandran
260 ## - PUBLICATION, DISTRIBUTION, ETC. (IMPRINT)
Place of publication, distribution, etc New Delhi
Name of publisher, distributor, etc Vikas Publishing House
Date of publication, distribution, etc 1990
270 ## - ADDRESS
Address 576, Masjid Road, Janpura
City New Delhi
Postal code 110014
300 ## - PHYSICAL DESCRIPTION
Extent 153p. :
Dimensions 21cm(Hb)
Other physical details ill.
500 ## - GENERAL NOTE
General note Includes index and bibliography
650 ## - SUBJECT ADDED ENTRY--TOPICAL TERM
Topical term or geographic name as entry element Education
9 (RLIN) 1169
650 ## - SUBJECT ADDED ENTRY--TOPICAL TERM
Topical term or geographic name as entry element Schooling and quality of life
9 (RLIN) 21869
700 ## - ADDED ENTRY--PERSONAL NAME
Personal name Ramachandran, H
9 (RLIN) 21870
942 ## - ADDED ENTRY ELEMENTS (KOHA)
Source of classification or shelving scheme Dewey Decimal Classification
Koha item type English Books
Classification part 570.19346
Call number suffix MOO
Holdings
Withdrawn status Lost status Damaged status Not for loan Home library Current library Date acquired Source of acquisition Cost, normal purchase price Total Checkouts Full call number Barcode Date last seen Copy number Cost, replacement price Price effective from Koha item type Public note
Written off       Central Library Central Library 30/06/2015 Cen Lib/Ret 0.00   370.19346 MOO A-423319 30/06/2015 1 0.00 30/06/2015 English Books W/d List No. 6892/22 ; dtd 26/09/2020

© Delhi Public Library
Hit Counter
free hit counter